Who's the Actor Behind the Superhero/Villain? #2 - Statistics

General Stats
  • This quiz has been taken 32 times
  • The average score is 13 of 20
Answer Stats
Hero / Villain Actor / Actress % Correct
The Joker (1989) Jack Nicholson
93%
Superman (1978) Christopher Reeve
90%
Storm (2000) Halle Berry
87%
Professor X (old) Patrick Stewart
83%
Poison Ivy Uma Thurman
83%
Human Torch (2005) Chris Evans
80%
Hawkeye Jeremy Renner
80%
Spider-Man (2002) Tobey Maguire
80%
Star-Lord Chris Pratt
77%
Odin Anthony Hopkins
67%
Drax the Destroyer Dave Bautista
67%
Ghost Rider Nicolas Cage
67%
Jane Foster Natalie Portman
63%
Falcon Anthony Mackie
53%
J. Jonah Jameson J.K. Simmons
47%
Nebula Karen Gillan
47%
Venom (2007) Topher Grace
47%
The Collector Benicio del Toro
43%
Doctor Doom (2005) Julian McMahon
37%
Punisher (2017) Jon Bernthal
33%
No matching quizzes found
Score Distribution
Percent of People with Each Score
Percentile by Number Answered
Your Score History
You have not taken this quiz